Effects of track substructure stiffness and rail supports on the track response

Bibliographic Details
Main Author: Moravčík, Milan, 1940- (Author)
Format: Article
Language:English
PhysicalDescription:Grafy, fotogr., sch., tab.
ISSN:1336-5835
Subjects:

MARC

LEADER 00000nab a2200000 ar4500
001 vtls008702668
003 SK-MaSNL
005 20260303171802.0
008 060522c2006 xo |||||||||||000 b|eng
015 |a SNBRB2006/05  |2 snkbucl 
038 |a SNKBUCL 
040 |a SNKBUCL  |b slo  |c SNKBUCL  |e AACR2 
041 0 |a eng  |b eng  |b slo 
044 |a xo  |c SK 
080 |a 625.14:539.55:531.3  |2 1997 
080 |a 539.55  |2 1997 
080 |a 531.3  |2 1997 
100 1 |a Moravčík, Milan,  |d 1940-  |4 aut  |9 38824 
245 1 0 |a Effects of track substructure stiffness and rail supports on the track response  |c Milan Moravčík 
246 3 1 |a Vplyv tuhosti železničného zvršku a spodku na odozvu trate 
300 |b Grafy, fotogr., sch., tab. 
500 |a Biogr. údaje 
504 |a Bibliogr. odkazy 
546 |a Res. angl., slov. 
650 0 7 |a železničné trate  |2 snkbucl  |9 4210 
650 0 7 |a tuhosť  |2 snkbucl  |9 470092 
650 0 7 |a dynamika  |2 snkbucl  |9 3623 
650 0 7 |a podložie  |2 snkbucl  |9 27370 
650 0 7 |a koľajnicové podpery  |2 snkbucl  |9 1196559 
773 0 |t Civil and environmental engineering = Stavebné a environmentálne inžinierstvo  |g Roč. 2, č. 1 (2006), s. 32-37  |x 1336-5835 
852 |a SNK  |b KIS3GCP 
958 |a NB 
999 |c 2083339  |d 2085269